[Event "Kreis-EM Mfr.Mitte 1997/98"]
[Site "Stein (15.11.-6.12.97)"]
[Date "1997.??.??"]
[Round "2"]
[White "Pilch, Jan"]
[Black "Zaudtke, Friedrich Wilhelm"]
[Result "1-0"]
[WhiteElo "1577"]
[BlackElo "1601"]
[PlyCount "64"]
[EventDate "1997.12.??"]

1. e4 c5 2. Nf3 d6 3. d4 cxd4 4. Nxd4 Nf6 5. Nc3 e6 6. Bg5 Be7 7. Bd3 O-O 8.
O-O Nbd7 9. Qd2 a6 10. Nf3 Qc7 11. Rfe1 Nb6 12. e5 dxe5 13. Nxe5 Nbd7 14. Qf4
Bd6 15. Bxf6 Nxf6 16. Qg3 Bd7 17. f4 Bc6 18. Rac1 Qb6+ 19. Kh1 Qxb2 20. Nxc6
Qxc3 21. Bxh7+ Nxh7 22. Qxc3 bxc6 23. Rf1 c5 24. Rcd1 Rfd8 25. Rf3 Be5 26.
Rxd8+ Rxd8 27. Qe1 Bf6 28. Rd3 Rb8 29. g4 Rb2 30. g5 Bd4 31. Rg3 Rxc2 32. g6
Nf6 1-0

[Event "Kreis-EM Mfr.Mitte 1997/98"]
[Site "Stein (15.11.-6.12.97)"]
[Date "1997.??.??"]
[Round "2"]
[White "Ringler, Claus++"]
[Black "Wassner, Karl++"]
[Result "1-0"]
[WhiteElo "1386"]
[BlackElo "1537"]
[PlyCount "75"]
[EventDate "1997.12.??"]

1. Nf3 Nc6 2. d4 d5 3. e3 a6 4. Bd3 Bg4 5. c3 e5 6. Be2 Bxf3 7. Bxf3 e4 8. Be2
Qg5 9. g3 Bd6 10. a4 Nge7 11. h4 Qf6 12. g4 h6 13. b3 O-O-O 14. Na3 Ng6 15. h5
Nh4 16. Rf1 Nf3+ 17. Bxf3 exf3 18. Rh1 Rde8 19. Rh3 Re4 20. Qxf3 Qxf3 21. Rxf3
f6 22. Rf5 Rxg4 23. Rxd5 Rg5 24. e4 Rxd5 25. exd5 Re8+ 26. Kf1 Ne7 27. c4 Nf5
28. Bb2 Re4 29. c5 Bf4 30. Nc2 Bg5 31. b4 Rh4 32. Ke2 Rxh5 33. Kd3 Rh2 34. Re1
Kd7 35. b5 Rxf2 36. c6+ bxc6 37. dxc6+ Kd6 38. Ba3+ 1-0

[Event "Kreis-EM Mfr.Mitte 1997/98"]
[Site "Stein (15.11.-6.12.97)"]
[Date "1997.??.??"]
[Round "2"]
[White "Schanz, Karlheinz"]
[Black "Ponnath, Lorenz"]
[Result "1/2-1/2"]
[WhiteElo "1758"]
[BlackElo "2036"]
[PlyCount "119"]
[EventDate "1997.12.??"]

1. d4 Nf6 2. g3 c5 3. d5 d6 4. c4 g6 5. Bg2 Bg7 6. Nf3 O-O 7. O-O Na6 8. Nc3
Nc7 9. e4 a6 10. a4 b6 11. Qc2 Bd7 12. Bd2 Qc8 13. Rae1 b5 14. b3 Qb7 15. Nh4
Rab8 16. e5 Ng4 17. f4 bxc4 18. bxc4 Qb3 19. Qxb3 Rxb3 20. h3 Nh6 21. exd6 exd6
22. Ne4 Rfb8 23. a5 Ne8 24. Nf3 Nf5 25. Kh2 h6 26. g4 Nd4 27. Nxd4 Bxd4 28. f5
Kg7 29. Bf4 R8b4 30. fxg6 Kxg6 31. Nxd6 Nxd6 32. Bxd6 Rb2 33. Re7 Rxc4 34. Kh1
Bb5 35. Be4+ f5 36. Bxf5+ Kg5 37. Bf4+ Kh4 38. Rh7 Bg7 39. Rxg7 Rxf4 40. Rxf4
Kg3 41. Re7 Kxf4 42. Re1 Be2 43. d6 Bf3+ 44. Kg1 Rg2+ 45. Kf1 Rh2 46. Re8 Kg3
47. Ke1 Rh1+ 48. Kd2 Rd1+ 49. Kc3 Rxd6 50. Re6 Rxe6 51. Bxe6 Be2 52. Bc4 Bxc4
53. Kxc4 Kxh3 54. Kxc5 Kxg4 55. Kb6 h5 56. Kxa6 h4 57. Kb7 h3 58. a6 h2 59. a7
h1=Q+ 60. Kb8 1/2-1/2

[Event "Kreis-EM Mfr.Mitte 1997/98"]
[Site "Stein (15.11.-6.12.97)"]
[Date "1997.??.??"]
[Round "2"]
[White "Schloetterer, Hermann"]
[Black "Hasenoeder, Matthias"]
[Result "1-0"]
[WhiteElo "1907"]
[BlackElo "1670"]
[PlyCount "35"]
[EventDate "1997.12.??"]

1. d4 e6 2. g3 d5 3. Bg2 Nf6 4. Nf3 c5 5. O-O Nc6 6. c4 cxd4 7. Nxd4 Be7 8.
cxd5 exd5 9. Nc3 O-O 10. Qa4 Ne5 11. Rd1 Bd7 12. Qb3 Rc8 13. Nxd5 Bc5 14. Bg5
Neg4 15. e3 Nxf2 16. Bxf6 Nh3+ 17. Bxh3 gxf6 18. Bxd7 1-0

[Event "Kreis-EM Mfr.Mitte 1997/98"]
[Site "Stein (15.11.-6.12.97)"]
[Date "1997.??.??"]
[Round "2"]
[White "Seibert, Volker"]
[Black "Kujundzic, Salih"]
[Result "1-0"]
[WhiteElo "1728"]
[BlackElo "2061"]
[PlyCount "66"]
[EventDate "1997.12.??"]

1. e4 e6 2. d4 c5 3. Nf3 cxd4 4. Nxd4 Nf6 5. Nc3 Bb4 6. Bd3 Nc6 7. Nde2 d5 8.
exd5 exd5 9. O-O O-O 10. Bg5 Bxc3 11. Nxc3 Be6 12. Re1 h6 13. Bh4 g5 14. Bg3
Qb6 15. Qd2 Nh5 16. Rab1 Nxg3 17. hxg3 Rfe8 18. Qd1 Qd4 19. Nb5 Qb6 20. Qh5 Kg7
21. Nd6 Qc7 22. Nxe8+ Rxe8 23. Bf5 Bxf5 24. Rxe8 Bxc2 25. Rbe1 Bg6 26. Qf3 Qd7
27. Qa3 Be4 28. Qf8+ Kg6 29. Qg8+ Kh5 30. g4+ Qxg4 31. R8xe4 dxe4 32. Qxf7+ Kh4
33. Qg6 Ne5 1-0

[Event "Kreis-EM Mfr.Mitte 1997/98"]
[Site "Stein (15.11.-6.12.97)"]
[Date "1997.??.??"]
[Round "3"]
[White "Braginskij, Alexej"]
[Black "Junker, Rene++"]
[Result "0-1"]
[WhiteElo "1873"]
[BlackElo "2114"]
[PlyCount "68"]
[EventDate "1997.12.??"]
[WhiteTeam "Fürth-2002 SZ"]
[BlackTeam "Schwabach-07 SK"]

1. e4 e5 2. Nf3 Nc6 3. Bb5 a6 4. Ba4 Nf6 5. O-O b5 6. Bb3 Bb7 7. Ng5 d5 8. exd5
Nd4 9. Re1 Bd6 10. f4 O-O 11. fxe5 Bc5 12. Kh1 Nxb3 13. axb3 Qxd5 14. Qe2 Rae8
15. Nc3 Qc6 16. Nf3 Qd7 17. d3 Ng4 18. h3 Nxe5 19. Ne4 Nxf3 20. Qxf3 f5 21. Qh5
fxe4 22. Qxc5 exd3 23. Re3 d2 24. Bxd2 Qxd2 25. Rg3 Re1+ 26. Rxe1 Qxe1+ 27. Kh2
Rf1 28. Rxg7+ Kxg7 29. Qg5+ Kf7 30. Qh5+ Kf8 31. Qh6+ Ke8 32. Qh5+ Rf7 33. Qg5
Qe7 34. Qh5 Qe4 0-1

[Event "Kreis-EM Mfr.Mitte 1997/98"]
[Site "Stein (15.11.-6.12.97)"]
[Date "1997.??.??"]
[Round "3"]
[White "Goetz, Dieter(65)"]
[Black "Ringler, Claus++"]
[Result "1-0"]
[WhiteElo "1958"]
[BlackElo "1386"]
[PlyCount "59"]
[EventDate "1997.12.??"]
[WhiteTeam "Nürnberg-1911 SK"]

1. c4 g6 2. Nc3 Bg7 3. g3 Nc6 4. Bg2 e5 5. e4 d6 6. Nge2 f5 7. d3 h6 8. Be3 Nf6
9. h3 O-O 10. O-O Be6 11. exf5 gxf5 12. Qd2 Kh7 13. f4 Qd7 14. Rad1 a6 15. b3
Rae8 16. d4 Qe7 17. d5 Bd7 18. dxc6 bxc6 19. fxe5 dxe5 20. Na4 Rg8 21. Nc5 Bc8
22. Qc2 Kh8 23. Bxc6 Ref8 24. Na4 Nh5 25. Bc5 Qg5 26. Kh2 f4 27. Bxf8 Bxf8 28.
gxf4 Qg2+ 29. Bxg2 Bd6 30. Rxd6 1-0

[Event "Kreis-EM Mfr.Mitte 1997/98"]
[Site "Stein (15.11.-6.12.97)"]
[Date "1997.??.??"]
[Round "3"]
[White "Holl, Manfred"]
[Black "Klein, Waldemar(58)"]
[Result "1/2-1/2"]
[WhiteElo "1893"]
[BlackElo "1951"]
[PlyCount "43"]
[EventDate "1997.12.??"]
[WhiteTeam "Nürnberg-Süd SW"]
[BlackTeam "Nürnberg-Süd SW"]

1. e4 g6 2. Bc4 c6 3. Nc3 Bg7 4. Nf3 e6 5. e5 d5 6. exd6 Qxd6 7. O-O Nf6 8. d4
O-O 9. Ne2 Nbd7 10. Bf4 Qb4 11. Bb3 Nd5 12. Bg3 b5 13. a4 Bb7 14. a5 a6 15. Re1
Qe7 16. c4 bxc4 17. Bxc4 c5 18. Ra3 Rfd8 19. Bh4 Bf6 20. Bg3 Bg7 21. Rb3 Bc6
22. Qc1 1/2-1/2

[Event "Kreis-EM Mfr.Mitte 1997/98"]
[Site "Stein (15.11.-6.12.97)"]
[Date "1997.??.??"]
[Round "3"]
[White "Neumann, Peter(46)"]
[Black "Hennemann, Herbert"]
[Result "0-1"]
[WhiteElo "1482"]
[BlackElo "1587"]
[PlyCount "62"]
[EventDate "1997.12.??"]
[WhiteTeam "Nürnberg-Süd SW"]

1. c4 e6 2. Nc3 Bb4 3. Qc2 Nc6 4. Nf3 Nf6 5. e3 b6 6. Be2 Bb7 7. O-O Ne7 8. b3
Bxc3 9. Qxc3 c5 10. Bb2 Qc7 11. d3 Ng6 12. Rad1 O-O-O 13. b4 Ng4 14. g3 h5 15.
e4 f5 16. Ng5 Nf4 17. Bxg4 hxg4 18. Qd2 Nh3+ 19. Nxh3 Rxh3 20. Qe2 Rdh8 21.
Bxg7 R8h7 22. f4 Rxg7 23. Qb2 Rgh7 24. Rf2 fxe4 25. dxe4 Bxe4 26. Qf6 Kb7 27.
bxc5 Qxc5 28. Rd4 Bc6 29. Rfd2 Qa3 30. Qe5 Qf3 31. Qe2 Rxg3+ 0-1

[Event "Kreis-EM Mfr.Mitte 1997/98"]
[Site "Stein (15.11.-6.12.97)"]
[Date "1997.??.??"]
[Round "3"]
[White "Ganslmayer, Herbert"]
[Black "Kuehnel, Stefan(64)"]
[Result "1-0"]
[WhiteElo "1807"]
[BlackElo "1532"]
[PlyCount "57"]
[EventDate "1997.12.??"]
[WhiteTeam "Zirndorf SK"]
[BlackTeam "Stein SC"]

1. c4 g6 2. Nc3 Bg7 3. Nf3 d6 4. g3 Nc6 5. Bg2 Nf6 6. d3 O-O 7. Bd2 Bd7 8. Qc1
Bg4 9. Bh6 Bxf3 10. Bxf3 Qd7 11. h4 Ng4 12. Bxg7 Kxg7 13. h5 Qe6 14. Nd5 Nd4
15. Bxg4 Qxg4 16. h6+ Kh8 17. Qd2 c6 18. Rh4 Qe6 19. Rxd4 cxd5 20. cxd5 Qh3 21.
O-O-O e6 22. dxe6 Qxe6 23. Kb1 a5 24. Rc1 b5 25. Qc3 b4 26. Rxb4+ f6 27. Re4
Qf7 28. Qc7 a4 29. Re7 1-0

[Event "Kreis-EM Mfr.Mitte 1997/98"]
[Site "Stein (15.11.-6.12.97)"]
[Date "1997.??.??"]
[Round "3"]
[White "Schmidt, Erich(34)++"]
[Black "Pilch, Jan"]
[Result "1-0"]
[WhiteElo "1650"]
[BlackElo "1577"]
[PlyCount "75"]
[EventDate "1997.12.??"]
[WhiteTeam "Stein SC"]

1. d4 Nf6 2. Nf3 e6 3. c4 g6 4. Nc3 Bg7 5. e4 d6 6. Bg5 Qd7 7. e5 Ng4 8. h3 Nh6
9. Bd3 b6 10. Be4 c6 11. Rc1 Bb7 12. Bc2 O-O 13. Ne4 Kh8 14. Nxd6 Nf5 15. Bxf5
exf5 16. Bf4 Na6 17. O-O c5 18. Nxb7 Qxb7 19. d5 Rfe8 20. Re1 Rad8 21. Rc3 Nc7
22. Qc1 Kg8 23. Bh6 Bh8 24. Rce3 Qc8 25. h4 Bg7 26. Bxg7 Kxg7 27. Ng5 h6 28.
Nh3 Rd7 29. Qc3 Kh7 30. Nf4 Qd8 31. Rh3 f6 32. e6 Rg7 33. Ree3 Qd6 34. Rhg3 Rf8
35. h5 g5 36. Ng6 Rxg6 37. hxg6+ Kxg6 38. Qc2 1-0

[Event "Kreis-EM Mfr.Mitte 1997/98"]
[Site "Stein (15.11.-6.12.97)"]
[Date "1997.??.??"]
[Round "3"]
[White "Betz, Egon"]
[Black "Walter, Markus Dr(70)"]
[Result "0-1"]
[WhiteElo "1904"]
[BlackElo "1993"]
[PlyCount "168"]
[EventDate "1997.12.??"]

1. e4 c6 2. d4 d5 3. e5 Bf5 4. Nc3 e6 5. g4 Bg6 6. Nge2 f6 7. Nf4 Bf7 8. Nd3
Nd7 9. Be3 Qc7 10. f4 a6 11. Qf3 c5 12. f5 fxe5 13. fxe6 Bxe6 14. Nxd5 Qc6 15.
Bg2 Bxd5 16. Qxd5 Qxd5 17. Bxd5 cxd4 18. Bxb7 Ra7 19. Bc6 Bd6 20. Bd2 Rc7 21.
Ba4 Ngf6 22. g5 Ne4 23. Ba5 Ra7 24. O-O Nxg5 25. Rae1 Rf8 26. Rxf8+ Kxf8 27.
Rf1+ Ke7 28. Rf5 Nf7 29. Bb3 Nh6 30. Rg5 g6 31. Nb4 Kf6 32. Rg2 Nc5 33. Bd8+
Kg7 34. Bc4 Nf5 35. Nd5 Ne4 36. Bb6 Ra8 37. Re2 Ng5 38. Nc7 Rb8 39. Nd5 Ne3 40.
Nxe3 Rxb6 41. Nd1 Nh3+ 42. Kf1 Rc6 43. b3 Rc8 44. Ke1 a5 45. Kd2 Nf4 46. Re4
Rf8 47. c3 dxc3+ 48. Nxc3 Nh3 49. Nd1 Nf2 50. Re2 Nxd1 51. Kxd1 Rf1+ 52. Kc2
Ra1 53. Kd3 Bb4 54. a4 Re1 55. Rf2 e4+ 56. Kd4 e3 57. Rf7+ Kh6 58. Ke4 e2 59.
Rf2 Bd6 60. Bxe2 Rh1 61. Rf6 Rxh2 62. Bc4 Bb4 63. Rf3 Rh4+ 64. Ke3 Bc5+ 65. Ke2
Re4+ 66. Kf1 Re5 67. Rh3+ Rh5 68. Rd3 Rf5+ 69. Kg2 Kg5 70. Rg3+ Kf6 71. Rd3 h5
72. Rd7 h4 73. Rc7 Bb4 74. Rf7+ Kg5 75. Rd7 Re5 76. Rc7 Re3 77. Rc6 Rg3+ 78.
Kf2 Rh3 79. Bf7 Rh2+ 80. Kf3 h3 81. Rxg6+ Kf5 82. Rc6 Rb2 83. Rb6 h2 84. Rb5+
Kf6 0-1

[Event "Kreis-EM Mfr.Mitte 1997/98"]
[Site "Stein (15.11.-6.12.97)"]
[Date "1997.??.??"]
[Round "3"]
[White "Bodakosch, Josef"]
[Black "Schmid, Stefan(63)"]
[Result "0-1"]
[WhiteElo "1446"]
[BlackElo "1738"]
[PlyCount "110"]
[EventDate "1997.12.??"]

1. e4 e6 2. d3 d5 3. e5 c5 4. c3 Nc6 5. d4 Qb6 6. Nf3 cxd4 7. Qb3 Bc5 8. Qxb6
Bxb6 9. Bb5 dxc3 10. Bxc6+ bxc6 11. bxc3 Ba6 12. Be3 Ne7 13. Na3 Nf5 14. Bxb6
axb6 15. h3 O-O 16. Nc2 c5 17. g4 Ne7 18. Nd2 Ng6 19. Nf3 d4 20. cxd4 Bb7 21.
Ke2 Nf4+ 22. Ke3 Nd5+ 23. Kd2 Nf4 24. Ke3 Ng2+ 25. Ke2 Rfd8 26. Rhg1 Nf4+ 27.
Ke3 Nxh3 28. Rg3 Bxf3 29. Rxf3 Ng5 30. Rg3 Ra4 31. f4 cxd4+ 32. Kd3 Ne4 33. Rf3
Nc5+ 34. Kd2 Rda8 35. a3 d3 36. Rxd3 Nxd3 37. Kxd3 Rxf4 38. Rb1 Rb8 39. Ne3 b5
40. Rb4 Rxb4 41. axb4 Rd8+ 42. Kc3 f6 43. exf6 gxf6 44. Nc2 h5 45. gxh5 e5 46.
Na3 Rd5 47. Nc2 e4 48. Nd4 Rxh5 49. Nc6 Kf7 50. Kd4 f5 51. Ke5 e3 52. Nd4 Rh4
53. Nxb5 Rxb4 54. Nd6+ Kg6 55. Kd5 e2 0-1

[Event "Kreis-EM Mfr.Mitte 1997/98"]
[Site "Stein (15.11.-6.12.97)"]
[Date "1997.??.??"]
[Round "3"]
[White "Gawlas, Gunder"]
[Black "Woerl, Richard"]
[Result "0-1"]
[WhiteElo "1578"]
[BlackElo "1956"]
[PlyCount "34"]
[EventDate "1997.12.??"]

1. e4 e6 2. d4 d5 3. Nc3 Nf6 4. Bg5 Be7 5. e5 Nfd7 6. h4 a6 7. Bxe7 Qxe7 8. Nf3
c5 9. Ne2 cxd4 10. Nexd4 Qb4+ 11. Ke2 Qxb2 12. Nb3 Nxe5 13. Ne1 Qc3 14. Nd3
Nbc6 15. Ke3 Nc4+ 16. Kf3 e5 17. Ke2 e4 0-1

[Event "Kreis-EM Mfr.Mitte 1997/98"]
[Site "Stein (15.11.-6.12.97)"]
[Date "1997.??.??"]
[Round "3"]
[White "Hasenoeder, Matthias"]
[Black "Schanz, Karlheinz"]
[Result "0-1"]
[WhiteElo "1670"]
[BlackElo "1758"]
[PlyCount "88"]
[EventDate "1997.12.??"]

1. d4 d5 2. c4 c6 3. Nf3 Nf6 4. Nc3 e6 5. e3 Nbd7 6. Bd3 Bd6 7. O-O O-O 8. e4
dxe4 9. Nxe4 Nxe4 10. Bxe4 Nf6 11. Bg5 Be7 12. Bc2 Nd7 13. Qd3 g6 14. Bh6 Re8
15. Rfe1 Bf6 16. Rad1 b6 17. Qe4 Bb7 18. h4 Bg7 19. Bg5 Bf6 20. Bh6 Bg7 21. Qf4
Rc8 22. Ne5 Rf8 23. Re3 Qe7 24. Bxg7 Kxg7 25. h5 Rcd8 26. Rh3 g5 27. Rg3 h6 28.
Qe3 Nxe5 29. Qxe5+ f6 30. Qe3 Kh8 31. Re1 Qd6 32. Qe4 f5 33. Qxe6 Rfe8 34.
Qxe8+ Rxe8 35. Rxe8+ Kg7 36. Rge3 Kf6 37. R3e5 Qxd4 38. R5e6+ Kf7 39. R6e7+ Kf6
40. Bb3 Ba6 41. c5 Bc4 42. cxb6 axb6 43. Rh7 Bxb3 44. axb3 Qd1+ 0-1

[Event "Kreis-EM Mfr.Mitte 1997/98"]
[Site "Stein (15.11.-6.12.97)"]
[Date "1997.??.??"]
[Round "3"]
[White "Konsek, Peter"]
[Black "Seibert, Volker"]
[Result "1-0"]
[WhiteElo "1929"]
[BlackElo "1728"]
[PlyCount "67"]
[EventDate "1997.12.??"]

1. e4 d5 2. exd5 Nf6 3. Bb5+ Bd7 4. Bc4 b5 5. Bb3 a5 6. a3 a4 7. Ba2 Bg4 8. f3
Bc8 9. Nc3 Qd7 10. d4 Bb7 11. Nge2 Nxd5 12. Nxd5 Bxd5 13. Bxd5 Qxd5 14. O-O c6
15. Nc3 Qd8 16. Kh1 e6 17. Ne4 Be7 18. f4 O-O 19. f5 exf5 20. Rxf5 Nd7 21. Qf3
Nf6 22. Nxf6+ Bxf6 23. c3 Re8 24. Bh6 Re6 25. Rf1 Qd6 26. Bf4 Qd7 27. Rxb5 Qc8
28. Rf5 g6 29. Rc5 Bg7 30. d5 Rf6 31. Rxc6 Qb7 32. Rxf6 Bxf6 33. d6 Qa7 34. Be3
1-0

[Event "Kreis-EM Mfr.Mitte 1997/98"]
[Site "Stein (15.11.-6.12.97)"]
[Date "1997.??.??"]
[Round "3"]
[White "Kujundzic, Salih"]
[Black "Gedak, Gerhard"]
[Result "1-0"]
[WhiteElo "2061"]
[BlackElo "1660"]
[PlyCount "97"]
[EventDate "1997.12.??"]

1. e4 c5 2. c3 d6 3. d4 cxd4 4. cxd4 g6 5. f4 Bg7 6. Nc3 e6 7. Nf3 Ne7 8. Be3
a6 9. Qd2 b5 10. Bd3 Bb7 11. Rc1 Nd7 12. O-O Rc8 13. a3 Nb6 14. b3 O-O 15. Qf2
d5 16. e5 Qd7 17. g4 Rc7 18. Qh4 Rfc8 19. Bd2 Nc6 20. Ne2 Qe7 21. Qxe7 Rxe7 22.
f5 exf5 23. gxf5 Rec7 24. Bf4 Nd8 25. Rxc7 Rxc7 26. e6 Re7 27. Bd6 Re8 28. Bc7
Nc8 29. Bxd8 Rxd8 30. exf7+ Kxf7 31. fxg6+ hxg6 32. Ng5+ Kg8 33. Bxg6 Nd6 34.
Ne6 Rc8 35. Bd3 Ne4 36. Nxg7 Kxg7 37. Bxe4 dxe4 38. Rc1 Rg8 39. Rc7+ Kf6+ 40.
Kf2 Bc8 41. Ng3 Re8 42. Ke3 Bf5 43. Rc6+ Re6 44. Rxe6+ Kxe6 45. Nxf5 Kxf5 46.
h4 a5 47. h5 b4 48. axb4 axb4 49. d5 1-0

[Event "Kreis-EM Mfr.Mitte 1997/98"]
[Site "Stein (15.11.-6.12.97)"]
[Date "1997.??.??"]
[Round "3"]
[White "Nottenkaemper, Franz Ludwig"]
[Black "Zaudtke, Friedrich Wilhelm"]
[Result "1/2-1/2"]
[WhiteElo "1668"]
[BlackElo "1601"]
[PlyCount "66"]
[EventDate "1997.12.??"]

1. Nf3 Nf6 2. d4 d5 3. c4 e6 4. Nc3 Be7 5. Bg5 O-O 6. Rc1 c6 7. e3 Nbd7 8. Bd3
dxc4 9. Bxc4 b5 10. Bd3 Bb7 11. O-O a6 12. Ne4 Rc8 13. Bxf6 Nxf6 14. Ne5 Nd5
15. Nc5 Bxc5 16. Rxc5 Qc7 17. Qf3 f6 18. Ng4 Qd6 19. Qh3 f5 20. Ne5 Rf6 21. Qh5
Rcf8 22. Rfc1 Ne7 23. Qe2 Rh6 24. g3 Rhf6 25. f4 Rc8 26. Qd1 g6 27. Bf1 Nd5 28.
Qd2 Rff8 29. Bg2 Rc7 30. h3 Rfc8 31. g4 Ne7 32. Bf3 Nd5 33. Kf2 Rg7 1/2-1/2

[Event "Kreis-EM Mfr.Mitte 1997/98"]
[Site "Stein (15.11.-6.12.97)"]
[Date "1997.??.??"]
[Round "3"]
[White "Ponnath, Lorenz"]
[Black "Grasser, Stefan"]
[Result "1-0"]
[WhiteElo "2036"]
[BlackElo "1552"]
[PlyCount "65"]
[EventDate "1997.12.??"]

1. d4 d5 2. c4 e6 3. Nc3 c5 4. Nf3 Nc6 5. g3 Nf6 6. Bg2 Be7 7. O-O O-O 8. cxd5
exd5 9. h3 Bf5 10. Be3 b6 11. Ne5 Rc8 12. Qa4 Nxe5 13. dxe5 Ne4 14. Rad1 Nxc3
15. bxc3 Qd7 16. Qxd7 Bxd7 17. Rxd5 Be6 18. Rd2 Rfd8 19. Rfd1 Bxa2 20. Rxd8+
Rxd8 21. Ra1 Bc4 22. Rxa7 Bf8 23. Bf3 Rd1+ 24. Kg2 h6 25. Rb7 Rb1 26. Rb8 Rb3
27. Bd2 Rb2 28. Bf4 Rb3 29. e6 Bxe6 30. Bd6 Rxc3 31. Rxf8+ Kh7 32. Be4+ g6 33.
Be5 1-0

[Event "Kreis-EM Mfr.Mitte 1997/98"]
[Site "Stein (15.11.-6.12.97)"]
[Date "1997.??.??"]
[Round "3"]
[White "Soergel, Frank"]
[Black "Schloetterer, Hermann"]
[Result "1/2-1/2"]
[WhiteElo "1956"]
[BlackElo "1907"]
[PlyCount "108"]
[EventDate "1997.12.??"]

1. e4 c5 2. c3 d5 3. exd5 Qxd5 4. d4 Nf6 5. Nf3 Bg4 6. Be2 g6 7. O-O Bg7 8. h3
Bf5 9. dxc5 Qxc5 10. Qb3 Qc8 11. Bc4 O-O 12. Nd4 Bd7 13. Re1 e6 14. Bf4 Nc6 15.
Nxc6 Qxc6 16. Na3 a6 17. Be2 Qa4 18. Qxa4 Bxa4 19. Bf3 Nd5 20. Bxd5 exd5 21.
Be5 f6 22. Bd4 Kf7 23. b3 Bc6 24. Nc2 a5 25. Rad1 Rfe8 26. f3 Bf8 27. Kf2 Bd6
28. Rxe8 Rxe8 29. Bb6 a4 30. Ne3 axb3 31. axb3 Ra8 32. Nxd5 Ra2+ 33. Kg1 Bg3
34. Nb4 Rb2 35. Nxc6 bxc6 36. b4 Re2 37. Kf1 Rc2 38. Bd4 Bf4 39. Kg1 Bd2 40.
Kf1 Bxc3 41. Bxc3 Rxc3 42. Rd7+ Kg8 43. Rc7 Rc4 44. Kf2 Rxb4 45. Rxc6 Rb2+ 46.
Kg3 Kg7 47. Rc7+ Kh6 48. Rf7 f5 49. h4 Ra2 50. Kh3 Ra3 51. Kg3 Ra2 52. h5 Rb2
53. hxg6 hxg6 54. Rf8 Kg7 1/2-1/2

[Event "Kreis-EM Mfr.Mitte 1997/98"]
[Site "Stein (15.11.-6.12.97)"]
[Date "1997.??.??"]
[Round "4"]
[White "Schmidt, Erich(34)++"]
[Black "Braginskij, Alexej"]
[Result "1/2-1/2"]
[WhiteElo "1650"]
[BlackElo "1873"]
[PlyCount "87"]
[EventDate "1997.12.??"]
[WhiteTeam "Stein SC"]
[BlackTeam "Fürth-2002 SZ"]

1. d4 Nf6 2. Nf3 g6 3. c4 Bg7 4. Nc3 d5 5. Bg5 Ne4 6. e3 Bg4 7. Bh4 c5 8. Be2
Nxc3 9. bxc3 Nc6 10. O-O O-O 11. cxd5 Qxd5 12. c4 Qd7 13. Rb1 Bxf3 14. Bxf3
cxd4 15. exd4 Bxd4 16. Bxc6 bxc6 17. Qd2 f5 18. Bxe7 Bxf2+ 19. Rxf2 Qxe7 20.
Qb4 Rfe8 21. c5 Rab8 22. Qc4+ Kf8 23. Rbf1 Qe3 24. Qc1 Rb5 25. g4 Rxc5 26. Qxe3
Rxe3 27. gxf5 g5 28. f6 Kf7 29. Rb2 Rb5 30. Rd2 Rb7 31. Rd8 Re2 32. Rh8 Rbb2
33. Rxh7+ Kg6 34. Rh3 Rg2+ 35. Kh1 Rgf2 36. Rxf2 Rxf2 37. Ra3 Kxf6 38. Rxa7 Ke6
39. a4 Kd6 40. a5 Ra2 41. a6 g4 42. Kg1 Kc5 43. Rg7 Rxa6 44. Rxg4 1/2-1/2

[Event "Kreis-EM Mfr.Mitte 1997/98"]
[Site "Stein (15.11.-6.12.97)"]
[Date "1997.??.??"]
[Round "4"]
[White "Proebster, Georg"]
[Black "Goetz, Dieter(65)"]
[Result "1/2-1/2"]
[WhiteElo "1751"]
[BlackElo "1958"]
[PlyCount "71"]
[EventDate "1997.12.??"]
[BlackTeam "Nürnberg-1911 SK"]

1. e4 g6 2. d4 Bg7 3. Nc3 d6 4. Bc4 e6 5. Nge2 Ne7 6. Bg5 h6 7. Bh4 O-O 8. O-O
Nd7 9. f4 Nb6 10. Bb3 c6 11. f5 exf5 12. exf5 Bxf5 13. Rxf5 gxf5 14. Ng3 Qd7
15. Bxe7 Qxe7 16. Qd3 f4 17. Nf5 Qf6 18. Ne2 c5 19. c4 cxd4 20. Nxf4 Qg5 21.
Rf1 Be5 22. h4 Qd8 23. Nxh6+ Kg7 24. Nf5+ Kh8 25. Bc2 Rg8 26. Qe2 Rg7 27. Nxg7
Qxh4 28. Qh5+ Qxh5 29. Ngxh5 Nxc4 30. Be4 Ne3 31. Rc1 Re8 32. Bf3 Re7 33. Be4
Re8 34. Bf3 Re7 35. Be4 Re8 36. Bf3 1/2-1/2

[Event "Kreis-EM Mfr.Mitte 1997/98"]
[Site "Stein (15.11.-6.12.97)"]
[Date "1997.??.??"]
[Round "4"]
[White "Gedak, Gerhard"]
[Black "Neumann, Peter(46)"]
[Result "1/2-1/2"]
[WhiteElo "1660"]
[BlackElo "1482"]
[PlyCount "92"]
[EventDate "1997.12.??"]
[BlackTeam "Nürnberg-Süd SW"]

1. e4 d5 2. exd5 Nf6 3. Nc3 c6 4. Nf3 Bg4 5. Be2 cxd5 6. d4 Nc6 7. h3 Bh5 8.
Bf4 e6 9. O-O Be7 10. Re1 O-O 11. Qd2 a6 12. Ne5 Bxe2 13. Nxc6 bxc6 14. Rxe2
Qa5 15. a3 Ra7 16. b4 Bxb4 17. axb4 Qxa1+ 18. Kh2 Rb7 19. Bd6 Rd8 20. Bc5 a5
21. bxa5 Qxa5 22. Qe3 Qc7+ 23. g3 Re8 24. f4 Nd7 25. f5 Nxc5 26. dxc5 Qe7 27.
Qe5 Qxc5 28. f6 g6 29. Nd1 Rd7 30. Ne3 Qd6 31. Qg5 Qf8 32. Ng4 d4 33. h4 Rd5
34. Ne5 h6 35. Qg4 Rxe5 36. Rxe5 Rd8 37. Qf4 Rd5 38. Rxd5 cxd5 39. Qxd4 Qd6 40.
Qa7 Qf8 41. Qe7 Qc8 42. Kg1 Qb8 43. Kg2 Qc8 44. Kh1 Qa8 45. Kh2 Qc8 46. Kg1 Qb8
1/2-1/2

[Event "Kreis-EM Mfr.Mitte 1997/98"]
[Site "Stein (15.11.-6.12.97)"]
[Date "1997.??.??"]
[Round "4"]
[White "Klein, Waldemar(58)"]
[Black "Soergel, Frank"]
[Result "1/2-1/2"]
[WhiteElo "1951"]
[BlackElo "1956"]
[PlyCount "49"]
[EventDate "1997.12.??"]
[WhiteTeam "Nürnberg-Süd SW"]

1. c4 Nf6 2. Nf3 g6 3. g3 Bg7 4. Bg2 c6 5. d3 O-O 6. O-O d5 7. Nbd2 Nbd7 8. Rb1
dxc4 9. Nxc4 Nb6 10. Nxb6 Qxb6 11. a3 Be6 12. Be3 Qb3 13. Qd2 Bd5 14. Bd4 Rfd8
15. Bc3 c5 16. Qe3 Rac8 17. Qxe7 Re8 18. Qd6 Rc6 19. Qf4 Rxe2 20. Nd2 Qb6 21.
Bxf6 Rxf6 22. Qb8+ Bf8 23. Bxd5 Rxd2 24. Qxb7 Qxb7 25. Bxb7 1/2-1/2

[Event "Kreis-EM Mfr.Mitte 1997/98"]
[Site "Stein (15.11.-6.12.97)"]
[Date "1997.??.??"]
[Round "4"]
[White "Schloetterer, Hermann"]
[Black "Holl, Manfred"]
[Result "1-0"]
[WhiteElo "1907"]
[BlackElo "1893"]
[PlyCount "73"]
[EventDate "1997.12.??"]
[BlackTeam "Nürnberg-Süd SW"]

1. d4 d5 2. g3 Nf6 3. Bg2 c6 4. Nf3 Bf5 5. c4 Bxb1 6. Rxb1 Qa5+ 7. b4 Qxa2 8.
Nd2 Qa6 9. Qc2 e6 10. b5 Qb6 11. bxc6 Qxc6 12. O-O Be7 13. e4 O-O 14. exd5 exd5
15. Re1 Qd7 16. cxd5 Bd6 17. Qb3 b6 18. Nc4 Re8 19. Bg5 Na6 20. Bxf6 gxf6 21.
Qf3 Rxe1+ 22. Rxe1 Rc8 23. Ne3 Bb4 24. Nf5 Kh8 25. Ra1 Nb8 26. Qh5 Rg8 27. Be4
Rg5 28. Qf3 a5 29. Qf4 Na6 30. Rc1 a4 31. Rc6 a3 32. Rxb6 Qa4 33. Nh6 Qd1+ 34.
Kg2 Qxd4 35. Rxa6 Bd2 36. Qb8+ Kg7 37. Qg8+ 1-0

[Event "Kreis-EM Mfr.Mitte 1997/98"]
[Site "Stein (15.11.-6.12.97)"]
[Date "1997.??.??"]
[Round "4"]
[White "Schrenk, Robert"]
[Black "Bodakosch, Josef"]
[Result "1-0"]
[WhiteElo "1589"]
[BlackElo "1446"]
[PlyCount "81"]
[EventDate "1997.12.??"]
[WhiteTeam "Nürnberg-Zabo Spvg"]

1. d4 d5 2. c4 h6 3. e3 Bf5 4. Nf3 Nf6 5. Nc3 e6 6. Qb3 b6 7. cxd5 Nxd5 8. Nxd5
Qxd5 9. Bc4 Qb7 10. d5 c6 11. dxe6 fxe6 12. Bxe6 Bxe6 13. Qxe6+ Qe7 14. Qg6+
Qf7 15. Ne5 Bb4+ 16. Bd2 Bxd2+ 17. Kxd2 Qxg6 18. Nxg6 Rg8 19. Rac1 c5 20. Rhd1
Nc6 21. Ke2 Rd8 22. Rxd8+ Nxd8 23. Rd1 Kf7 24. Ne5+ Ke6 25. f4 Nf7 26. Nxf7
Kxf7 27. Rd7+ Kg6 28. Rxa7 Rb8 29. g4 b5 30. h4 b4 31. f5+ Kf6 32. e4 Re8 33.
Ke3 Re7 34. Rxe7 Kxe7 35. g5 hxg5 36. hxg5 Kd6 37. b3 Ke5 38. g6 Kd6 39. Kf4
Ke7 40. e5 Kf8 41. Ke4 1-0

[Event "Kreis-EM Mfr.Mitte 1997/98"]
[Site "Stein (15.11.-6.12.97)"]
[Date "1997.??.??"]
[Round "4"]
[White "Junker, Rene++"]
[Black "Suess, Helmut"]
[Result "1-0"]
[WhiteElo "2114"]
[BlackElo "1965"]
[PlyCount "45"]
[EventDate "1997.12.??"]
[WhiteTeam "Schwabach-07 SK"]

1. e4 d6 2. d4 g6 3. Nc3 c6 4. h4 h5 5. Nh3 Bg4 6. f3 Bxh3 7. Rxh3 e5 8. dxe5
dxe5 9. Qxd8+ Kxd8 10. Bc4 Ke8 11. Bd2 Nd7 12. a4 Nb6 13. Bb3 a5 14. Be3 Nd7
15. Rd1 Bh6 16. Bxf7+ Kxf7 17. Bxh6 Nxh6 18. Rxd7+ Ke6 19. Rxb7 Nf7 20. Rh1
Rhb8 21. Rxb8 Rxb8 22. b3 Rb4 23. Ke2 1-0